| 000 | 00364nam a2200133Ia 4500 | ||
|---|---|---|---|
| 008 | 210430s9999 xx 000 0 und d | ||
| 020 | _a81-8431-071-4 | ||
| 082 | _a621 B297 B | ||
| 100 |
_aK.B.Kale _954198 |
||
| 245 |
_aBasic Mechanical Engineering 2nd Revised edition _cK.B.Kale |
||
| 260 |
_aIndia _bTechnical pub _c2006 |
||
| 300 | _a12-38p | ||
| 942 |
_cBK _2ddc |
||
| 999 |
_c564680 _d564680 |
||